Geografia do matury #1 - chmury - Statystyki

Ogólne statystyki
  • Ten quiz został rozwiązany 952 razy
    947 od ostatniego zresetowania
  • Średni wynik to 7 z 10
Statystyki odpowiedzi
Obrazkowy Odpowiedź % Poprawnych
Stratus
90%
Cumulonimbus
86%
Cumulus
84%
Cirrus
83%
Cirrostratus
77%
Altostratus
70%
Nimbostratus
67%
Cirrocumulus
66%
Altocumulus
57%
Stratocumulus
55%
Nie znaleziono quizów pasujących do podanych kryteriów
Rozkład punktacji
Procent ludzi z każdym wynikiem
Percentyl według liczby udzielonych odpowiedzi
Twoja historia wyników
Nie rozwiązałeś tego quizu od ostatniego zresetowania